My Chemical Romance The Foundations of Decay Lyrics - Statistics

General Stats
  • This quiz has been taken 256 times
    175 since last reset
  • The average score is 210 of 319
Answer Stats
Answer % Correct
a
99%
the
99%
He
97%
he
97%
of
97%
to
96%
To
96%
who
96%
all
94%
an
94%
Up
94%
And
92%
It
91%
it
91%
we
91%
We
91%
See
90%
upon
90%
hill
88%
man
88%
But
86%
but
86%
(but
86%
decay
86%
in
86%
so
86%
So
86%
foundations
85%
his
85%
our
85%
won
85%
dreams
83%
lay
83%
Let
83%
stands
83%
You
83%
you
83%
(You
83%
(you
83%
battles
82%
its
82%
it's
82%
towers
81%
body
79%
bodies
77%
had
77%
they
77%
fell
76%
left
76%
scars
76%
was
76%
face
74%
heart
74%
there
74%
With
74%
with
74%
done
73%
day
72%
your
72%
When
71%
as
69%
fate
69%
build
68%
damage
68%
watch
68%
corrode
67%
be
64%
own
64%
pain
64%
submit
64%
age
63%
gravity
63%
can
62%
much
62%
down
60%
flesh
60%
itself
60%
Only
60%
page
60%
turns
60%
hearts
59%
will
59%
Will
59%
road
58%
take
58%
Take
58%
where
58%
You're
55%
Get
54%
If
54%
if
54%
late
54%
time,
54%
too
54%
would
54%
blood
53%
roots
53%
wander
53%
die
51%
she
51%
whore
51%
can't
50%
morning
50%
saint
50%
vain
50%
always
49%
God
49%
anymore
47%
out)
46%
rays
46%
rays?
46%
wandered
46%
race
45%
we'll
45%
were
45%
me
44%
press
44%
river
44%
find
42%
shame
42%
vermin
42%
crawls
41%
ashes
40%
Mark
40%
faith
38%
passing
38%
canonized
37%
feed
37%
gets
37%
is
36%
'till
36%
convictions
35%
relic
35%
May
29%
Now
28%
must
27%
spirit
27%
Against
26%
through
24%
away
23%
(cage
23%
Coward
23%
flies
23%
are
22%
fix
22%
life
22%
more
22%
animals)
21%
by
21%
comforts
21%
hand
21%
look
21%
wash
21%
stressed
19%
crusade
18%
last
18%
Yes
18%
poison
17%
ruins)
17%
stumble
17%
cure)
14%
change
13%
flood
13%
rains
13%
message
12%
pure)
12%
sky
12%
storm
12%
swarm
12%
altar
10%
extinction
10%
swells
10%
welcome
10%
(cause
9%
calls
8%
plagued
5%
gains
3%
No matching quizzes found
Score Distribution
Percent of People with Each Score
Percentile by Number Answered
Your Score History
You have not taken this quiz since the last reset